The Southern Ivy schools Quiz Stats

 Plays Quiz not verified by Sporcle

Also try: 'T' Logos
Challenge
Share
Tweet
Embed
Score 0/10 Timer 02:00
0 Plays Today
state school % Correct
NCDuke University
92%
VAUniversity of Virginia
88.3%
TNVanderbilt University
88%
NCUniversity of North Carolina at Chapel Hill
87.9%
TXRice University
82.1%
LATulane University
78.4%
GAEmory University
77.9%
NCWake Forest University
67.2%
VACollege of William and Mary
63.7%
TXSouthern Methodist University
51.1%

You're not logged in!

Compare scores with friends on all Sporcle quizzes.
OR
Log In

You Might Also Like...

Show Comments

Extras

Top Quizzes Today


Score Distribution

Your Account Isn't Verified!

In order to create a playlist on Sporcle, you need to verify the email address you used during registration. Go to your Sporcle Settings to finish the process.

Report this User

Report this user for behavior that violates our Community Guidelines.

Details: